[Event "Norway Chess 2024"]
[Site "Stavanger, Norway"]
[Date "2024.05.28"]
[Round "3.1"]
[White "Carlsen, Magnus"]
[Black "Nakamura, Hikaru"]
[Result "1/2-1/2"]
[WhiteElo "2830"]
[BlackElo "2794"]
[Annotator "Stockfish 16.1 - Chessbase"]
[PlyCount "70"]
[GameId "2053142232131792"]
[EventDate "2024.??.??"]

1. e4 {[%eval 15,0] Stockfish 16.1} e5 {[%eval 21,0]} 2. Nf3 {[%eval 19,0]} Nc6 {[%eval 19,0]} 3. Bb5 {[%eval 22,0]} a6 {[%eval 38,0]} 4. Ba4 {[%eval 21,0]} Bc5 {[%eval 42,0]} 5. c3 {[%eval 41,0]} Nge7 {[%eval 42,0]} 6. O-O {[%eval 35,0]} Ng6 {[%eval 34,0]} 7. d4 {[%eval 39,0]} Ba7 {[%eval 38,0]} 8. Re1 {[%eval 5,0]} ({RR} 8. Bg5 f6 9. Be3 O-O 10. Nbd2 Kh8 11. Re1 exd4 ({RR} 11... d6 12. h3 exd4 ({RR} 12... Bd7 13. Nf1 Nce7 14. Bc2 exd4 15. Bxd4 Bxd4 16. cxd4 d5 17. Ng3 dxe4 18. Bxe4 Bc6 19. Qb3 Bd5 20. Qc2 Qd7 21. Rac1 c6 22. Bxd5 Nxd5 23. Ne4 Rae8 24. Nc5 Qf7 25. Qf5) 13. cxd4 Nce7 14. Nf1 c6 15. Bb3 d5 16. Ng3 Bb8 17. Bd2 a5 18. Qc2 ({RR} 18. Rc1) 18... Bxg3 19. fxg3 a4 20. Bxa4 dxe4 21. Rxe4 Bf5 22. Bb3 Nd5 23. Rae1 Qd7 24. g4 ({RR} 24. Rf1) 24... Bxe4 25. Rxe4 Rae8 26. Rxe8) 12. Nxd4 Nxd4 13. Bxd4 ({RR} 13. cxd4 d5 14. exd5 Ne7 15. Bc2 Bf5 16. Bxf5 Nxf5 17. Qb3 Rb8 18. Ne4 Nxd4 19. Bxd4 Bxd4 20. Rad1 Ba7 21. d6 Qd7 22. Qg3 ({RR} 22. Qc3 Bb6 23. a4 cxd6 24. Rxd6) 22... Rbe8 23. h3 cxd6 24. Qxd6 Qf7 25. Nc3 h6 26. g3 Bb8 27. Qd5 Rxe1+) 13... Bxd4 14. cxd4 d5 15. exd5 Qxd5 16. Ne4 Qd8 17. Bc2 ({RR} 17. d5 b6) 17... f5 18. Nc5 b6 19. Nd3 Bb7 20. Ne5 Qg5 21. d5 Rad8 22. Bb3 c5 {½-½ Nepomniachtchi,I (2758)-Nakamura,H (2789) FIDE Candidates 2024 Toronto CAN (13.1)} ({RR} 22... Nh4 23. g3 f4)) ({RR} 8. Bg5 f6 9. Be3 O-O 10. Nbd2 Kh8 11. Re1 exd4 12. Nxd4 Nxd4 13. Bxd4 Bxd4 14. cxd4 d5 15. exd5 Qxd5 16. Ne4 Qd8 17. Bc2 f5 18. Nc5 b6 19. Nd3 Bb7 20. Ne5 Qg5 21. d5 Rad8 22. Bb3 c5 {½-½ Nepomniachtchi,I (2758)-Nakamura,H (2789) FIDE Candidates 2024 Toronto, Canada (13.1)}) 8... O-O {[%eval 52,0]} 9. Be3 {[%eval 36,0]} Qf6 {[%eval 44,0]} 10. Bxc6 {[%eval 29,0]} exd4 $146 {[%eval 39,0]} ({RR} 10... dxc6 11. Nxe5 Nxe5 12. dxe5 Qxe5 13. Bxa7 Rxa7 14. Nd2 Rd8 15. Qe2 Ra8 16. Nb3 Be6 17. Rad1 h6 18. Nd4 Bd7 19. Rd2 c5 20. Nf3 Qe7 21. Red1 Be6 22. Rxd8+ Rxd8 23. Rxd8+ Qxd8 24. a3 a5 25. h3 {0-1 Huschenbeth,N (2605)-Mamedyarov,S (2734) Bundesliga 2023-24 Deizisau GER (8.4)}) 11. Bxd4 {[%eval 11,0]} Bxd4 {[%eval 21,0]} 12. Qxd4 {[%eval 7,0]} Qxd4 {[%eval 16,0]} 13. Nxd4 {[%eval 8,0]} dxc6 {[%eval 2,0]} 14. Nd2 {[%eval 4,0]} c5 {[%eval 5,0]} 15. Nf5 {[%eval 4,0]} Be6 {[%eval 1,0]} 16. Nf3 {[%eval 28,0]} Rad8 {[%eval 29,0]} 17. g3 {[%eval 43,0]} Rfe8 {[%eval 37,0]} 18. Kg2 {[%eval 63,0]} f6 {[%eval 44,0]} 19. Re3 {[%eval 89,0]} Nh8 {[%eval 54,0]} 20. h3 {[%eval 56,0]} g6 {[%eval 66,0]} 21. N5h4 {[%eval 67,0]} Nf7 {[%eval 61,0]} 22. g4 {[%eval 55,0]} Bd7 {[%eval 32,0]} 23. Rae1 {[%eval 28,0]} Bc6 {[%eval 27,0]} 24. Kg3 {[%eval 23,0]} Re6 {[%eval 12,0]} 25. b3 {[%eval 1,0]} Kf8 {[%eval 8,0]} 26. c4 {[%eval 3,0]} a5 {[%eval 9,0]} 27. a4 {[%eval 22,0]} b6 {[%eval 1,0]} 28. Ng2 {[%eval 1,0]} g5 {[%eval 0,0]} 29. R1e2 {[%eval 0,0]} Rd1 {[%eval 0,0]} 30. Nfe1 {[%eval 15,0]} Red6 {[%eval 1,0]} 31. Rc3 {[%eval 3,0]} Nd8 {[%eval 8,0]} 32. Ne3 {[%eval 21,0]} R1d2 {[%eval 0,0]} 33. Rxd2 {[%eval 0,0]} Rxd2 {[%eval 0,0]} 34. Nf3 {[%eval 0,0]} Rb2 {[%eval 0,0]} 35. Nd5 {[%eval 0,0]} Bxd5 {[%eval 0,0]} 1/2-1/2

[Event "Norway Chess 2024"]
[Site "Stavanger, Norway"]
[Date "2024.05.28"]
[Round "3.2"]
[White "Firouzja, Alireza"]
[Black "Caruana, Fabiano"]
[Result "1/2-1/2"]
[WhiteElo "2737"]
[BlackElo "2805"]
[Annotator "Stockfish 16.1 - Chessbase"]
[PlyCount "63"]
[GameId "2053142232131793"]
[EventDate "2024.??.??"]

1. d4 {[%eval 12,0]} Nf6 {[%eval 17,0]} 2. Bf4 {[%eval 5,0]} d5 {[%eval 12,0]} 3. e3 {[%eval 7,0]} c5 {[%eval 16,0]} 4. Nf3 {[%eval 0,0]} Nc6 {[%eval 15,0]} 5. Nbd2 {[%eval 0,0]} Bg4 {[%eval 16,0]} 6. c3 {[%eval 7,0]} e6 {[%eval 16,0]} 7. Qb3 {[%eval 1,0]} Qc8 {[%eval 21,0]} 8. h3 {[%eval 15,0]} Bh5 {[%eval 18,0]} 9. Be2 {[%eval 12,0]} Be7 {[%eval 21,0]} 10. g4 {[%eval 5,0]} Bg6 {[%eval 1,0]} 11. Nh4 {[%eval 8,0]} Be4 {[%eval 9,0]} 12. f3 {[%eval 14,0]} c4 $146 {[%eval 4,0]} ({RR} 12... Bg6 13. Nxg6 hxg6 14. h4 a6 15. O-O-O cxd4 16. exd4 Nxd4 17. Qa4+ Nc6 18. Kb1 b5 19. Qc2 Qb7 20. Nf1 Rc8 21. Ng3 Nd7 22. g5 Nde5 23. h5 gxh5 24. Nxh5 Kd7 25. Nxg7 Rxh1 26. Rxh1 b4 27. c4 {1-0 Ilamparthi,A (2426)-Kramnik,V (2753) Titled Tue 2nd Jan Early chess.com INT 2024 (10)}) 13. Qd1 {[%eval 3,0]} Nh5 {[%eval 16,0]} 14. gxh5 {[%eval 18,0]} Bxh4+ {[%eval 13,0]} 15. Kf1 {[%eval 4,0]} Bd3 {[%eval 6,0]} 16. Bxd3 {[%eval 6,0]} cxd3 {[%eval 11,0]} 17. Kg2 {[%eval 14,0]} Qd8 {[%eval 18,0]} 18. Nf1 {[%eval 26,0]} Qe7 {[%eval 41,0]} 19. Qxd3 {[%eval 34,0]} Rd8 {[%eval 5,0]} 20. Rg1 {[%eval 46,0]} f5 {[%eval 59,0]} 21. Kh2 {[%eval 64,0]} Qf7 {[%eval 94,0]} 22. Nd2 {[%eval 100,0]} Bf6 {[%eval 109,0]} 23. Bg5 {[%eval 6,0]} Qxh5 {[%eval 63,0]} 24. Bxf6 {[%eval 6,0]} gxf6 {[%eval 64,0]} 25. Nb3 $6 {[%eval 0,0] Inaccuracy. Rg7 was best.} (25. Rg7 Rd7 26. Rg2 Ne7 27. Rag1 Ng6 28. Qb5 Qh6 29. f4 Qf8 30. Qa4 b6) 25... Kf7 {[%eval 0,0]} 26. Nc5 {[%eval 0,0]} Rdg8 {[%eval 0,0]} 27. Nxb7 {[%eval 0,0]} Rg6 {[%eval 0,0]} 28. Qb5 {[%eval 0,0]} Rhg8 {[%eval 0,0]} 29. Nd8+ {[%eval 0,0]} Rxd8 {[%eval 0,0]} 30. Qxc6 {[%eval 0,0]} Qxf3 {[%eval 0,0]} 31. Qc7+ {[%eval 0,0]} Ke8 {[%eval 0,0]} 32. Qxh7 {[%eval 0,0]} 1/2-1/2

[Event "Norway Chess 2024"]
[Site "Stavanger, Norway"]
[Date "2024.05.28"]
[Round "3.3"]
[White "Ding, Liren"]
[Black "Praggnanandhaa R"]
[Result "1/2-1/2"]
[WhiteElo "2762"]
[BlackElo "2747"]
[Annotator "Stockfish 16.1 - Chessbase"]
[PlyCount "61"]
[GameId "2053142232135890"]
[EventDate "2024.??.??"]

1. c4 {[%eval 13,0]} e5 {[%eval 12,0]} 2. g3 {[%eval 16,0]} Nf6 {[%eval 25,0]} 3. Bg2 {[%eval 16,0]} c6 {[%eval 24,0]} 4. Nf3 {[%eval 14,0]} e4 {[%eval 11,0]} 5. Nd4 {[%eval 14,0]} d5 {[%eval 17,0]} 6. d3 {[%eval 25,0]} Bc5 {[%eval 3,0]} 7. Nb3 {[%eval 33,0]} Bb6 {[%eval 34,0]} 8. cxd5 $146 {[%eval 41,0]} ({RR} 8. Bd2 a5 9. O-O O-O 10. Nc3 exd3 11. exd3 dxc4 12. dxc4 Qd6 13. Qe2 Bf5 14. Rfe1 Na6 15. a3 Nc5 16. Nxc5 Bxc5 17. Ne4 Bxe4 18. Bxe4 Bxf2+ 19. Kxf2 Nxe4+ 20. Qxe4 Qxd2+ 21. Re2 Qg5 22. Qe7 Qf5+ {0-1 Tan,C (1762)-He,J (1956) Reykjavik Open 2024 Reykjavik ISL (2.106)}) 8... cxd5 {[%eval 39,0]} 9. dxe4 {[%eval 21,0]} Nxe4 {[%eval 26,0]} 10. O-O {[%eval 12,0]} O-O {[%eval 11,0]} 11. Nc3 {[%eval 17,0]} Nxc3 {[%eval 13,0]} 12. bxc3 {[%eval 16,0]} Nc6 $6 {[%eval 73,0] Inaccuracy. Be6 was best.} (12... Be6) 13. Ba3 $6 {[%eval 9,0] Inaccuracy. Qxd5 was best.} (13. Qxd5) 13... Re8 {[%eval 16,0]} 14. e3 {[%eval 14,0]} Qf6 {[%eval 9,0]} 15. Qxd5 {[%eval 8,0]} Qxc3 {[%eval 36,0]} 16. Rfc1 {[%eval 17,0]} Qf6 {[%eval 16,0]} 17. Nd2 {[%eval 8,0]} Be6 {[%eval 13,0]} 18. Qb5 {[%eval 12,0]} Qh6 {[%eval 1,0]} 19. Bc5 {[%eval 11,0]} Rad8 {[%eval 1,0]} 20. Ne4 {[%eval 19,0]} Bd5 {[%eval 35,0]} 21. Bxb6 {[%eval 32,0]} axb6 {[%eval 33,0]} 22. Qxb6 {[%eval 1,0]} Qg6 {[%eval 24,0]} 23. Nc5 {[%eval 25,0]} Bxg2 {[%eval 21,0]} 24. Kxg2 {[%eval 26,0]} Rd2 {[%eval 23,0]} 25. Rd1 {[%eval 0,0]} Rc2 {[%eval 53,0]} 26. Rac1 {[%eval 42,0]} Rxa2 {[%eval 46,0]} 27. Qb1 {[%eval 0,0]} Qxb1 {[%eval 0,0]} 28. Rxb1 {[%eval 0,0]} Rxe3 {[%eval 2,0]} 29. Ra1 {[%eval 0,0]} Ree2 {[%eval 0,0]} 30. Rxa2 {[%eval 0,0]} Rxa2 {[%eval 0,0]} 31. Nxb7 {[%eval 0,0]} 1/2-1/2

[Event "Norway Chess 2024"]
[Site "Stavanger, Norway"]
[Date "2024.05.28"]
[Round "4.2"]
[White "Firouzja, Alireza"]
[Black "Caruana, Fabiano"]
[Result "1-0"]
[WhiteElo "2737"]
[BlackElo "2805"]
[Annotator "Stockfish 16.1 - Chessbase"]
[PlyCount "91"]
[GameId "2053142232135892"]
[EventDate "2024.??.??"]

1. Nf3 {[%eval 14,0] Stockfish 16.1} d5 {[%eval 18,0]} 2. b3 {[%eval 2,0]} Bf5 {[%eval 3,0]} 3. Bb2 {[%eval 0,0]} Nf6 {[%eval 4,0]} 4. g3 {[%eval 0,0]} ({RR} 4. Nh4 Bd7 5. e3 c5 6. c4 e6 7. Be2 Be7 8. O-O O-O 9. Nf3 Nc6 10. d4 cxd4 11. exd4 Rc8 12. Nbd2 dxc4 13. bxc4 Re8 14. Nb3 Bf8 15. Qd2 Ne7 16. Ne5 g6 17. Bf3 b6 18. Rfe1 Bg7 {1-0 Carlsen,M (2830)-Duda,J (2732) Titled Tue 2nd Jan Early chess.com INT 2024 (10)}) 4... c5 {[%eval 1,0]} 5. d3 $146 {[%eval 1,0]} ({RR} 5. Bg2 Nc6 6. O-O e6 7. d3 Be7 8. Nbd2 O-O 9. Re1 ({RR} 9. Ne5 Nxe5 10. Bxe5 Bg6 11. e4 Qd7 12. Qe2 Bh5 13. f3 Rfd8 14. Rad1 h6 15. g4 Bg6 16. f4 b5 17. f5 exf5 18. exf5 Bh7 19. h4 Ne8 20. Qf2 Rac8 21. Qg3 f6 22. Bf4 Kf8 23. c4 Bg8) 9... h6 ({RR} 9... Bg6 10. e4 dxe4 11. dxe4 Qc7 12. Qe2 Rad8 13. Rad1 Rd7 14. Qc4 Rfd8 15. Bxf6 gxf6 16. Re3 Ne5 17. Nxe5 fxe5 18. Rd3 Rxd3 19. cxd3 Rd4 20. Qc3 Bh5 21. Bf3 Bg6 22. Be2 Rd8 23. Nf1 f6 24. Ne3) 10. e4 Bh7 11. Ne5 Nxe5 12. Bxe5 Nd7 13. Bb2 d4 ({RR} 13... Bf6 14. e5 Be7) 14. a4 e5 ({RR} 14... b6 15. Bc1) 15. f4 Qc7 16. Qf3 b6 17. Bh3 Rae8 18. Nc4 Bd6 19. Bc1 Qc6 {½-½ Firouzja,A (2760)-Nepomniachtchi,I (2758) FIDE Candidates Chess Tournaments 2024 Chess.com (9.3)}) ({RR} 5. Bg2 Nc6 6. O-O e6 7. d3 Be7 8. Nbd2 O-O 9. Re1 h6 10. e4 Bh7 11. Ne5 Nxe5 12. Bxe5 Nd7 13. Bb2 d4 14. a4 e5 15. f4 Qc7 16. Qf3 b6 17. Bh3 Rae8 18. Nc4 Bd6 19. Bc1 Qc6 {½-½ Firouzja,A (2760)-Nepomniachtchi,I (2758) FIDE Candidates 2024 Toronto CAN (9.3)}) ({RR} 5. Bg2 Nc6 6. O-O e6 7. d3 Bd6 8. Nbd2 O-O 9. Re1 Bc7 10. e4 Bg4 11. h3 Bh5 12. c3 dxe4 13. dxe4 Qe7 14. Qc2 Rfd8 15. Rad1 Nd7 16. a4 Nde5 17. Ba3 h6 18. g4 Bg6 19. Nxe5 Nxe5 {½-½ Donchenko,A (2633)-Giri,A (2745) Titled Tue 23rd Apr Early chess.com INT 2024 (7)}) 5... Nc6 {[%eval 0,0]} 6. Nh4 {[%eval 42,0]} Bd7 {[%eval 4,0]} 7. Bg2 {[%eval 46,0]} e5 {[%eval 44,0]} 8. e4 {[%eval 7,0]} Bg4 {[%eval 61,0]} 9. Qc1 {[%eval 76,0]} Be7 {[%eval 57,0]} 10. Nc3 $6 {[%eval -74,0] Inaccuracy. O-O was best.} (10. O-O O-O 11. h3 Be6 12. Nf5 Bxf5 13. exf5 Qd7 14. g4 h5 15. f4 exf4) 10... d4 {[%eval -64,0]} 11. Ne2 {[%eval -63,0]} g6 {[%eval -68,0]} 12. h3 {[%eval -79,0]} Be6 {[%eval -79,0]} 13. Nf3 {[%eval -62,0]} Nd7 {[%eval -59,0]} 14. h4 {[%eval -61,0]} h6 {[%eval -59,0]} 15. Qd1 {[%eval -57,0]} Nf6 {[%eval -72,0]} 16. c3 {[%eval -74,0]} Ng4 {[%eval -71,0]} 17. cxd4 {[%eval -14,0]} cxd4 {[%eval -13,0]} 18. a3 {[%eval -19,0]} a5 {[%eval -14,0]} 19. Rc1 {[%eval -199,0]} Rc8 {[%eval -17,0]} 20. Nd2 {[%eval -13,0]} O-O {[%eval -28,0]} 21. Bh3 {[%eval -183,0]} b5 {[%eval -11,0]} 22. Nf3 {[%eval -162,0]} Bd6 {[%eval -171,0]} 23. Qd2 {[%eval -179,0]} Kh7 {[%eval -173,0]} 24. Rc2 {[%eval -152,0]} Qf6 {[%eval -142,0]} 25. Neg1 $6 {[%eval -396,0] Inaccuracy. Bxg4 was best.} (25. Bxg4 Bxg4 26. Nh2 Bh3 27. Bc1 Kg8 28. Qd1 h5 29. Rg1 a4 30. b4 Qe6) 25... Kg8 $6 {[%eval -138,0] Inaccuracy. Nb4 was best.} (25... Nb4 26. Rc1 Rxc1+ 27. Bxc1 Rc8 28. Kf1 Nxd3 29. Qxd3 Rxc1+ 30. Kg2 Rc3 31. Qxb5) 26. Kf1 {[%eval -299,0]} h5 {[%eval -111,0]} 27. Kg2 {[%eval -102,0]} Bxb3 {[%eval -294,0]} 28. Rc1 {[%eval -104,0]} b4 {[%eval -300,0]} 29. a4 {[%eval -109,0]} Ne7 {[%eval -142,0]} 30. Ne2 {[%eval -114,0]} Rc3 $2 {[%eval -79,0] Mistake. Nc6 was best.} (30... Nc6 31. Rhf1 Be6 32. Ng5 Bd7 33. Bxg4 hxg4 34. f4 gxf3+ 35. Nxf3 Qg7 36. h5) 31. Nxc3 {[%eval -83,0]} dxc3 {[%eval -98,0]} 32. Bxc3 {[%eval -74,0]} bxc3 {[%eval -72,0]} 33. Qxc3 {[%eval -73,0]} Bxa4 {[%eval -75,0]} 34. Qxa5 {[%eval -93,0]} Bd7 {[%eval -79,0]} 35. Qa7 {[%eval -31,0]} Bc8 $2 {[%eval 38,0] Mistake. Bb5 was best.} (35... Bb5 36. Qa2 Nc6 37. Rhd1 Nb4 38. Qb3 Rb8 39. Rd2 Bd7 40. Ng5 Qe7 41. Rb1) 36. Rhf1 {[%eval 66,0]} Bb4 $6 {[%eval 0,0] Inaccuracy. Bb8 was best.} (36... Bb8 37. Qa4) 37. Ng5 {[%eval 52,0]} Bd2 {[%eval 0,0]} 38. Rc7 {[%eval 0,0]} Re8 {[%eval 0,0]} 39. Nf3 {[%eval 14,0]} Bb4 $4 {[%eval 402,0] Blunder. Bh6 was best.} (39... Bh6 40. Qc5 Bf8 41. Bxg4 Bxg4 42. Nxe5 Nf5 43. Nxg4 hxg4 44. Qc6 Qxc6 45. Rxc6) 40. Qa4 {[%eval 432,0]} Nc6 {[%eval 423,0]} 41. Qxc6 {[%eval 421,0]} Qxc6 {[%eval 426,0]} 42. Rxc6 {[%eval 425,0]} Bd7 {[%eval 423,0]} 43. Rc7 {[%eval 418,0]} Be6 {[%eval 427,0]} 44. Ng5 {[%eval 421,0]} Bb3 {[%eval 501,0]} 45. Rb7 {[%eval 501,0]} Bc5 {[%eval 543,0]} 46. Rxb3 {[%eval 537,0]} 1-0

[Event "Norway Chess 2024"]
[Site "Stavanger, Norway"]
[Date "2024.05.28"]
[Round "4.3"]
[White "Ding, Liren"]
[Black "Praggnanandhaa R"]
[Result "1-0"]
[WhiteElo "2762"]
[BlackElo "2747"]
[Annotator "Stockfish 16.1 - Chessbase"]
[PlyCount "107"]
[GameId "2053142232139989"]
[EventDate "2024.??.??"]

1. c4 {[%eval 13,0]} Nf6 {[%eval 21,0]} 2. g3 {[%eval 14,0]} e6 {[%eval 28,0]} 3. Bg2 {[%eval 12,0]} d5 {[%eval 15,0]} 4. Nf3 {[%eval 13,0]} d4 {[%eval 31,0]} 5. O-O {[%eval 2,0]} c5 {[%eval 17,0]} 6. e3 {[%eval 22,0]} Nc6 {[%eval 21,0]} 7. d3 {[%eval 8,0]} Be7 {[%eval 25,0]} 8. exd4 {[%eval 32,0]} cxd4 {[%eval 32,0]} 9. Re1 {[%eval 37,0]} O-O {[%eval 25,0]} 10. Na3 {[%eval 3,0]} h6 $146 {[%eval 28,0]} ({RR} 10... Ne8 11. Ne5 Nb4 12. f4 Nd6 13. g4 f6 14. Nf3 Nf7 15. h3 {½-½ Aminov,A (2332)-Bukreev,S (2070) ch-Moscow Open Superfinal Ershovo RUS 2024 (3.18)}) ({RR} 10... a6 11. Nc2 Re8 12. Bf4 Qb6 13. Rb1 a5 14. a3 a4 15. Ne5 Nd7 16. Nxc6 bxc6 17. Nb4 Bxb4 18. axb4 Bb7 19. Bd2 c5 20. b5 Bxg2 21. Kxg2 a3 22. bxa3 Qb7+ 23. Kg1 Rxa3 24. Qe2 e5 25. f3 {½-½ Dronavalli,H (2503)-Jovic,S (2097) Titled Tue 19th Mar Early chess.com INT 2024 (7)}) 11. Bf4 {[%eval 3,0]} Bc5 {[%eval 35,0]} 12. Nc2 {[%eval 24,0]} Nd7 {[%eval 28,0]} 13. a3 {[%eval 32,0]} a5 {[%eval 33,0]} 14. b3 {[%eval 37,0]} Re8 {[%eval 24,0]} 15. Bd2 {[%eval 3,0]} e5 {[%eval 32,0]} 16. b4 {[%eval 35,0]} Bd6 {[%eval 28,0]} 17. c5 {[%eval 3,0]} Bf8 {[%eval 6,0]} 18. Rc1 {[%eval 59,0]} axb4 {[%eval 55,0]} 19. axb4 {[%eval 57,0]} Rb8 $6 {[%eval 155,0] Inaccuracy. Nf6 was best.} (19... Nf6 20. b5 Na5 21. Nb4 e4 22. dxe4 Nxe4 23. Nd3 Bg4 24. Bb4 Nc3 25. Qc2) 20. Na3 {[%eval 174,0]} b5 {[%eval 158,0]} 21. Nxb5 $6 {[%eval 82,0] Inaccuracy. Ng5 was best.} (21. Ng5) 21... Ba6 {[%eval 89,0]} 22. Nd6 {[%eval 102,0]} Bxd6 {[%eval 112,0]} 23. cxd6 {[%eval 104,0]} Nxb4 {[%eval 105,0]} 24. Qa4 {[%eval 114,0]} Nxd3 {[%eval 100,0]} 25. Qxa6 {[%eval 103,0]} Nxe1 {[%eval 133,0]} 26. Rxe1 {[%eval 98,0]} Rb6 {[%eval 126,0]} 27. Qa3 $6 {[%eval 54,0] Inaccuracy. Qc4 was best.} (27. Qc4) 27... Qf6 $6 {[%eval 105,0] Inaccuracy. Qb8 was best.} (27... Qb8 28. Bf1) 28. Nxd4 {[%eval 105,0]} Rxd6 {[%eval 146,0]} 29. Nf3 {[%eval 141,0]} Nb6 {[%eval 188,0]} 30. Bb4 {[%eval 181,0]} Rde6 {[%eval 217,0]} 31. Nd2 {[%eval 229,0]} Qg6 {[%eval 255,0]} 32. Ne4 {[%eval 238,0]} Nd5 $6 {[%eval 384,0] Inaccuracy. Rc6 was best.} (32... Rc6 33. h4) 33. Nd6 {[%eval 383,0]} Nxb4 {[%eval 374,0]} 34. Nxe8 {[%eval 307,0]} Nc2 $6 {[%eval 493,0] Inaccuracy. Rxe8 was best.} (34... Rxe8 35. Qxb4 Qf6 36. Qb5 Kf8 37. Bc6 Rc8 38. Bd7 Rd8 39. Bg4 Re8 40. h4) 35. Qa8 {[%eval 492,0]} Kh7 {[%eval 486,0]} 36. Be4 {[%eval 476,0]} f5 {[%eval 484,0]} 37. Bxc2 $6 {[%eval 363,0] Inaccuracy. Nxg7 was best.} (37. Nxg7 Kxg7 38. Bxc2 Re7 39. Bb3 Qe8 40. Qd5 h5 41. Ra1 Rc7 42. h4 f4) 37... Rxe8 {[%eval 358,0]} 38. Qd5 {[%eval 305,0]} e4 {[%eval 348,0]} 39. Kg2 {[%eval 316,0]} Qf6 {[%eval 303,0]} 40. Rb1 {[%eval 323,0]} Re5 {[%eval 303,0]} 41. Qd4 {[%eval 324,0]} Qe7 {[%eval 338,0]} 42. Rb3 {[%eval 315,0]} Rc5 {[%eval 348,0]} 43. Bd1 {[%eval 305,0]} Rc6 {[%eval 305,0]} 44. Be2 {[%eval 369,0]} Rd6 {[%eval 387,0]} 45. Qc5 {[%eval 387,0]} Qf6 {[%eval 399,0]} 46. Qe3 {[%eval 374,0]} Rc6 {[%eval 403,0]} 47. h4 {[%eval 407,0]} Rc2 {[%eval 401,0]} 48. h5 {[%eval 374,0]} Qe5 {[%eval 466,0]} 49. Rb5 {[%eval 455,0]} Qf6 $6 {[%eval 629,0] Inaccuracy. Qc3 was best.} (49... Qc3 50. Qxc3 Rxc3 51. Rxf5 Rc2 52. Bg4 e3 53. Rf3 g6 54. Rxe3 Kg7 55. Re7+) 50. Bf1 $6 {[%eval 403,0] Inaccuracy. Bg4 was best.} (50. Bg4 Rc7 51. Bxf5+ g6 52. Qf4 Re7 53. Bxg6+ Kg7 54. Rf5 Qe6 55. Qb8 Re8) 50... Qf7 {[%eval 487,0]} 51. Qf4 {[%eval 439,0]} Qxh5 {[%eval 425,0]} 52. Rxf5 {[%eval 421,0]} Qe8 {[%eval 484,0]} 53. Re5 {[%eval 483,0]} Qc8 $4 {[%eval 32754,0] Checkmate is now unavoidable. Qc6 was best.} (53... Qc6 54. Rxe4 Rc3 55. Be2 Qd5 56. Bf3 Qg5 57. Qd6 Rxf3 58. Kxf3 Qf5+ 59. Rf4) 54. Qxe4+ {[%eval 32756,0]} 1-0

[Event "Norway Chess 2024"]
[Site "Stavanger, Norway"]
[Date "2024.05.29"]
[Round "5.1"]
[White "Praggnanandhaa R"]
[Black "Carlsen, Magnus"]
[Result "1-0"]
[WhiteElo "2747"]
[BlackElo "2830"]
[Annotator "Stockfish 16.1 - Chessbase"]
[PlyCount "73"]
[GameId "2053142232144086"]
[EventDate "2024.??.??"]

1. e4 {[%eval 15,0]} c5 {[%eval 25,0]} 2. Nf3 {[%eval 25,0]} e6 {[%eval 37,0]} 3. d4 {[%eval 43,0]} cxd4 {[%eval 36,0]} 4. Nxd4 {[%eval 35,0]} a6 {[%eval 43,0]} 5. Bd3 {[%eval 48,0]} Qc7 {[%eval 46,0]} 6. O-O {[%eval 52,0]} Nf6 {[%eval 52,0]} 7. Qe2 {[%eval 53,0]} d6 {[%eval 49,0]} 8. c4 {[%eval 61,0]} Nbd7 {[%eval 57,0]} 9. Nc3 {[%eval 5,0]} Ne5 {[%eval 34,0]} 10. h3 $146 {[%eval 34,0]} ({RR} 10. Kh1 Be7 11. f4 Nxd3 12. Qxd3 O-O 13. f5 g6 14. Bh6 Re8 15. Bg5 Ng4 16. f6 Bf8 17. Qh3 h5 18. Nde2 Qxc4 19. Qg3 Qc5 20. Bf4 e5 21. Bg5 Bh6 22. Bxh6 Nxh6 23. Qg5 Ng4 24. Nd5 Be6 {1-0 Hrebenshchykova,Y (2275)-Mrvova,A (2160) European Women Rapid 2023 Monaco MNC 2024 (2.20)}) ({RR} 10. f4 Nxd3 11. Qxd3 Be7 12. Bd2 O-O 13. Rae1 Nd7 14. b3 b6 15. f5 Ne5 16. Qg3 Bf6 17. Bg5 Bxg5 18. Qxg5 Qc5 19. Rd1 b5 20. Kh1 f6 21. Qg3 exf5 22. Nd5 Ra7 23. Nxf5 Bxf5 24. Rxf5 Kh8 {0-1 Bauyrzhan,A (2029)-Teterev,V (2257) Titled Tue 23rd Apr Early chess.com INT 2024 (1)}) ({RR} 10. f4 Nxd3 11. Qxd3 Be7 12. b3 b6 13. Bb2 Bb7 14. f5 e5 15. Nc2 b5 16. cxb5 Qb6+ 17. Kh1 axb5 18. Qxb5+ Qxb5 19. Nxb5 Rc8 20. Ne3 Nxe4 21. Rad1 O-O 22. Nc4 Rfd8 23. Ba3 Bh4 24. Nbxd6 Nf2+ {1-0 Bynum,J (1966)-Teterev,V (2257) Titled Tue 23rd Apr Early chess.com INT 2024 (3)}) 10... b6 {[%eval 53,0]} 11. f4 {[%eval 42,0]} Nxd3 {[%eval 41,0]} 12. Qxd3 {[%eval 39,0]} Bb7 {[%eval 42,0]} 13. f5 {[%eval 42,0]} Qd7 $6 {[%eval 132,0] Inaccuracy. e5 was best.} (13... e5 14. Nc2 Rc8 15. Ne3 Qc5 16. Rd1 Be7 17. Kh2 b5 18. cxb5 axb5 19. Nxb5) 14. Bg5 {[%eval 103,0]} Be7 {[%eval 135,0]} 15. Rad1 {[%eval 127,0]} Rc8 {[%eval 183,0]} 16. Qe2 {[%eval 183,0]} e5 {[%eval 184,0]} 17. Bxf6 {[%eval 191,0]} Bxf6 {[%eval 173,0]} 18. Nc2 {[%eval 183,0]} Qc6 {[%eval 204,0]} 19. Ne3 {[%eval 194,0]} Bg5 {[%eval 198,0]} 20. Kh1 $6 {[%eval 103,0] Inaccuracy. Ned5 was best.} (20. Ned5 Qxc4 21. Qg4 Bf6 22. Kh2 Bxd5 23. Nxd5 h5 24. Qf3 Qxa2 25. Nxb6 Rc6) 20... Bxe3 {[%eval 133,0]} 21. Qxe3 {[%eval 129,0]} f6 {[%eval 134,0]} 22. b3 {[%eval 145,0]} b5 {[%eval 129,0]} 23. Nd5 {[%eval 142,0]} Qc5 {[%eval 168,0]} 24. Qf3 {[%eval 159,0]} bxc4 {[%eval 133,0]} 25. Qh5+ {[%eval 178,0]} Kf8 {[%eval 148,0]} 26. Rf3 {[%eval 128,0]} Bxd5 {[%eval 132,0]} 27. Rxd5 {[%eval 165,0]} Qb6 {[%eval 211,0]} 28. bxc4 {[%eval 201,0]} Rxc4 {[%eval 201,0]} 29. Rb3 {[%eval 192,0]} Rb4 {[%eval 226,0]} 30. Rdd3 {[%eval 221,0]} Rxb3 $2 {[%eval 419,0] Mistake. Ke7 was best.} (30... Ke7 31. Rg3) 31. Rxb3 {[%eval 404,0]} Qc7 {[%eval 395,0]} 32. Qd1 {[%eval 308,0]} g6 {[%eval 382,0]} 33. Qb1 {[%eval 386,0]} Qc5 $6 {[%eval 551,0] Inaccuracy. Qc4 was best.} (33... Qc4 34. Rb4 Qc3 35. Rb7 Rg8 36. Rxh7 Qc8 37. Kh2 Rg7 38. Rh8+ Rg8 39. Rh6) 34. Rb7 {[%eval 543,0]} gxf5 {[%eval 605,0]} 35. Kh2 {[%eval 553,0]} Rg8 $4 {[%eval 32706,0] Checkmate is now unavoidable. d5 was best.} (35... d5 36. Rb8+ Kf7 37. Qb7+ Qe7 38. Qxd5+ Kg7 39. Rb7 Re8 40. exf5 Kf8 41. Rxe7) 36. Qb3 {[%eval 32706,0]} d5 {[%eval 1069,0]} 37. Rxh7 {[%eval 752,0]} 1-0